Exodo, Levítico, Números, Deutoronomio
Збережено в:
| Автори: | , |
|---|---|
| Формат: | Книга |
| Мова: | Іспанська |
| Опубліковано: |
Pamplona
Verbo Divino
2010
|
| Редагування: | 1a. ed |
| Серія: | Biblioteca Bíblica Básica, 4
|
| Предмети: | |
| Теги: |
Додати тег
Немає тегів, Будьте першим, хто поставить тег для цього запису!
|
MARC
| LEADER | 00000cam a2200000 a 4500 | ||
|---|---|---|---|
| 001 | UCD2388 | ||
| 003 | CL-VaPUC | ||
| 008 | 160421e20100000sp |||||||||||||||||spa|d | ||
| 020 | |a 9788499451022 | ||
| 082 | 0 | 4 | |a 222 |b TAP |2 21 |
| 100 | 0 | |a Tapia Navarro, Omar |e author |9 585728 | |
| 700 | 0 | |a Soltero González, Carlos |e author |9 585729 | |
| 245 | 1 | 0 | |a Exodo, Levítico, Números, Deutoronomio |
| 250 | |a 1a. ed | ||
| 300 | |a 411 p | ||
| 942 | |c BK | ||
| 945 | |d 20160421 23:07:00 |a arojas | ||
| 260 | |a Pamplona |b Verbo Divino |c 2010 | ||
| 650 | 7 | |a EXODO |2 CL-VaPUC |9 320762 | |
| 650 | 7 | |a LEVITICO |2 CL-VaPUC |9 538283 | |
| 650 | 0 | |a Antiguo testamento |9 313678 | |
| 650 | 0 | |a Crítica e interpretación |9 255042 | |
| 650 | 0 | |a Números |9 265328 | |
| 583 | |a last modification |c 20160421 23:07:00 |k Rodrigo Vera | ||
| 490 | 0 | |a Biblioteca Bíblica Básica, 4 | |
| 999 | |c 363550 |d 363548 | ||
| 952 | |0 0 |1 0 |3 erb |4 0 |6 222_000000000000000_TAP_2010 |7 0 |8 A |9 476011 |a BIBTEO |b BIBTEO |i 5283590 |l 1 |o 222 TAP 2010 |p 5283590 |r 2025-01-17 |s 2024-10-08 |w 2019-11-24 |y BK |z Catalogado en:20160421 |k ICR | ||